1786 1362 1467 1744 1505 1979 1341 1934 1353 1147 1226 1553 1813 1695 1612 1261 1340 1769 1380 1928 1304 1603 1837 1835 1201 1714 1951 1207 1886 1235 1121 1895 1120 1268 1176 1386 1101 1125 1526 1127 1944 1155 1109 1658 1264 1492 1389 1847 1050 1009 1310 1708 1385 1350 1794 1639 1319 1632 1156 1423 1182 1808 1302 1080 1770 1580 1485 1492 1120 1781 1320 1652 1213 1068 1573 1792 1406 1325 1253 1061 1496 1103 1930 1852 1437 1965 1051 1397 1900 1636 1957 1226 1026 1072 1958 1303 1776 1435 1001 BCNSPRNW ULIB Ver.6.0+V

เปลี่ยนเป็นภาษาไทย

Change to English
 แสดงรายละเอียดบรรณานุกรม
  กลับหน้าหลัก

Brief Record : Get Marc (ISO 2709) : E-mail record : QR code < ปิดหน้าต่าง
LEADER : 00000nam 2200000uu 4500
001    13399128227
003     ULIB
008    220816s2561||||th 000 0 tha d
020 ^  ^a9786167502816
050 1  ^aLB1028.68^bน164ก
100 0  ^aนพ มหิษานนท์.
245 1  ^aGoogle classroom /^cนพ มหิษานนท์.
250 ^  ^aพิมพ์ครั้งที่ 1.
260 ^  ^aนนทบุรี :^bคอร์ฟังก์ชั่น ,^c2561.
300 ^  ^a186 หน้า :^bภาพประกอบ ;^c21 ซม.
650 ^  ^aการเรียนการสอนผ่านเว็บ.
650 ^  ^aเทคโนโลยีทางการศึกษา.
945    ^p179^l0^i29424
945    ^p179^l0^i29425
945    ^p179^l0^i29426
945    ^p179^l0^i29427
945    ^p179^l0^i29428
999    ^aกัณชพร จุลอักษร
รายการนี้ยังไม่มีแท็ก
คุณยังไม่ได้ล็อกอิน คุณสามารถมีกิจกรรมร่วมกับเว็บไซต์ได้ แต่ต้องล็อกอินก่อน ::
  ล็อกอิน

รายการสื่อสารสนเทศ

ลำดับที่ ประเภท เลขเรียก/บาร์โค้ด สถานที่ สถานะ
1. หนังสือสำรอง
หนังสือสำรอง
LB1028.68 น164ก ฉ.1 
  Barcode: 29424
ห้องสมุดวิทยาเขตสวรรค์ประชารักษ์
►หนังสือทั่วไป
บนชั้น
2. วิทยาศาสตร์การแพทย์ และสุขภาพ
วิทยาศาสตร์การแพทย์ และสุขภาพ
LB1028.68 น164ก ฉ.2 
  Barcode: 29425
ห้องสมุดวิทยาเขตสวรรค์ประชารักษ์
►หนังสือทั่วไป
บนชั้น
3. วิทยาศาสตร์การแพทย์ และสุขภาพ
วิทยาศาสตร์การแพทย์ และสุขภาพ
LB1028.68 น164ก ฉ.3 
  Barcode: 29426
ห้องสมุดวิทยาเขตสวรรค์ประชารักษ์
►หนังสือทั่วไป
บนชั้น
4. วิทยาศาสตร์การแพทย์ และสุขภาพ
วิทยาศาสตร์การแพทย์ และสุขภาพ
LB1028.68 น164ก ฉ.4 
  Barcode: 29427
ห้องสมุดวิทยาเขตสวรรค์ประชารักษ์
►หนังสือทั่วไป
บนชั้น
5. วิทยาศาสตร์การแพทย์ และสุขภาพ
วิทยาศาสตร์การแพทย์ และสุขภาพ
LB1028.68 น164ก ฉ.5 
  Barcode: 29428
ห้องสมุดวิทยาเขตสวรรค์ประชารักษ์
►หนังสือทั่วไป
บนชั้น

รายการใกล้เคียง
    ผู้แต่ง [นพ มหิษานนท์.]

    หัวเรื่อง [การเรียนการสอนผ่านเว็บ.]
    หัวเรื่อง [เทคโนโลยีทางการศึกษา.]

BibComment


ยังไม่เคยถูกคอมเมนท์

คอมเมนท์ทรัพยากรรายการนี้
  คอมเมนท์: Google classroom..


 Copyright 2026. Bcnsprnw @Library